| 000 | 00640nam a22002057a 4500 | ||
|---|---|---|---|
| 999 |
_c9441 _d9441 |
||
| 003 | AR-CdUCM | ||
| 008 | 190328b ||||| |||| 00| 0 spa d | ||
| 040 |
_aMUNICIPALIDAD PROVINCIAL DEL CUSCO _cBIBLIOTECA MUNICIPAL DEL CUSCO |
||
| 082 |
_a869.203 / _bL27 / 1925 |
||
| 100 |
_aLascano Tegui, Vizconde de _925627 |
||
| 245 | _aDe la elegancia mientras se duerme / | ||
| 260 |
_aParis : _bExcelsior, _c1925. |
||
| 300 |
_a157 paginas ; _bIlustraciones, _c20 cm. |
||
| 505 | _aContenido :Ensayos | ||
| 650 |
_aEnsayos _9375 |
||
| 650 |
_aLiteratura europea _9894 |
||
| 650 |
_aPoesÃa Francesa _95204 |
||
| 942 |
_2ddc _cLIBROS |
||
| 945 | _awnts | ||